Sir Isaac Newton's mathematical principles : (Record no. 22799)

MARC details
000 -LEADER
fixed length control field 01611cam a22003851ib4500
003 - CONTROL NUMBER IDENTIFIER
control field EG-ScBUE
005 - DATE AND TIME OF LATEST TRANSACTION
control field 20250518091802.0
008 - FIXED-LENGTH DATA ELEMENTS--GENERAL INFORMATION
fixed length control field 161023r19621934caua f b 000 0 eng d
020 ## - INTERNATIONAL STANDARD BOOK NUMBER
International Standard Book Number 0520009290
035 ## - SYSTEM CONTROL NUMBER
System control number (OCoLC)ocm01252537
035 ## - SYSTEM CONTROL NUMBER
System control number 51318
035 ## - SYSTEM CONTROL NUMBER
System control number (InU)AAT7577SB
035 ## - SYSTEM CONTROL NUMBER
System control number (InU)ACN5283KO
040 ## - CATALOGING SOURCE
Original cataloging agency EG-ScBUE
Language of cataloging eng
Description conventions rda
Transcribing agency EG-ScBUE
Modifying agency EG-ScBUE
041 1# - LANGUAGE CODE
Language code of text/sound track or separate title eng
Language code of original and/or intermediate translations of text lat
082 04 - DEWEY DECIMAL CLASSIFICATION NUMBER
Classification number 531
Item number NEW
Edition number 22
100 1# - MAIN ENTRY--PERSONAL NAME
Personal name Newton, Isaac,
9 (RLIN) 6504
Titles and other words associated with a name Sir,
Dates associated with a name 1642-1727,
Relator term author.
245 10 - TITLE STATEMENT
Title Sir Isaac Newton's mathematical principles :
Remainder of title of natural philosophy and his system of the world.
Number of part/section of a work volume 2,
Name of part/section of a work The system of the world /
Statement of responsibility, etc translated into English by Andrew Motte ; the translations revised, and supplied with an historical and explanatory appendix, by Florian Cajori.
246 30 - VARYING FORM OF TITLE
Title proper/short title Mathematical principles of natural philosophy and his system of the world
246 30 - VARYING FORM OF TITLE
Title proper/short title System of the world
264 #1 - PUBLICATION, DISTRIBUTION, ETC. (IMPRINT)
Place of publication, distribution, etc Berkeley :
Name of publisher, distributor, etc University of California Press,
Date of publication, distribution, etc 1962.
300 ## - PHYSICAL DESCRIPTION
Extent 1 volume :
Other physical details illustrations ;
Dimensions 21 cm
336 ## - CONTENT TYPE
Source rdacontent
Content type term text
Content type code txt
337 ## - MEDIA TYPE
Media type term unmediated
Source rdamedia
Media type code n
338 ## - CARRIER TYPE
Carrier type term volume
Carrier type code nc
Source rdacarrier
500 ## - GENERAL NOTE
General note Includes reproduction of the t. p. of the 1st ed. of the Principia, London, 1687.
504 ## - BIBLIOGRAPHY, ETC. NOTE
Bibliography, etc Includes bibliographical references.<br/>
546 ## - LANGUAGE NOTE
Language note Text in English ; translated from original Latin language.
650 #7 - SUBJECT ADDED ENTRY--TOPICAL TERM
Topical term or geographic name as entry element Mechanics
General subdivision Early works to 1800.
Source of heading or term BUEsh
650 #7 - SUBJECT ADDED ENTRY--TOPICAL TERM
Topical term or geographic name as entry element Celestial mechanics.
Source of heading or term BUEsh
9 (RLIN) 6507
655 ## - INDEX TERM--GENRE/FORM
Form subdivision Reading book
700 1# - ADDED ENTRY--PERSONAL NAME
Personal name Motte, Andrew,
Relator term translator.
700 1# - ADDED ENTRY--PERSONAL NAME
Personal name Cajori, Florian,
Relator term editor.
942 ## - ADDED ENTRY ELEMENTS (KOHA)
Source of classification or shelving scheme Dewey Decimal Classification
Koha item type Book - Borrowing
Holdings
Withdrawn status Lost status Source of classification or shelving scheme Damaged status Not for loan Collection code Home library Current library Shelving location Date acquired Source of acquisition Total Checkouts Full call number Barcode Date last seen Price effective from Koha item type
    Dewey Decimal Classification     Baccah Central Library Central Library First floor 23/10/2016 Purchase   531 NEW 000034431 15/07/2025 23/10/2016 Book - Borrowing